00731nam a2200241 a 4500001001300000003000900013005001700022008004100039020002300080082002100103100002100124245005700145260003200202300000900234500003500243505001000278650001600288700002100304902000800325942000700333952013400340999001500474nice12345678IN_TiNIC20260116013144.0050524s1986 newa grp 000 0 eng  a0862322 c10000a306.0899145bJOS aJoshi, Barbara R aUntouchable! Voices of the Dalit Liberation Movement aNew JerseybZed Booksc1986 a166p aincludes index and biblioraphy2 aIndex aCaste-India1 aJoshi, Barbara R bSRS cBK 001040708StackRoom-aHMIbHMId2007-06-05g100.00l3o306.0899145 JOSp016630r2019-10-01s2019-08-27v100.00w2005-05-24yBK c9895d9895